000 00251nam a2200109Ia 4500
005 20251222140043.0
008 251222s1900||||xx |||||||||||||| ||spa||
082 _a250.88/F81E
100 _a"Francisco, Papa"
245 0 _aEvangelii Gaudium
942 _cLIB
999 _c3348
_d3348